Matematika a speciális alapiskola 5. osztálya számára 1. rézs Munkafüzet

Podrobná bibliografia
Hlavný autor: Krejza, Lumír (Autor)
Ďalší autori: Hollá, Judita (Prekladateľ), Kováčik, Ivan (Ilustrátor)
Médium: Kniha
Jazyk:maďarčina
slovenčina
Fyzický popis:64 s., [4] s. ilustr. príl. fareb. ilustr. 30 cm
Vydavateľské údaje: Bratislava Slovenské pedagogické nakladateľstvo 2006
ISBN:8010010057
Vydanie:2. kiad.
Predmet:

MARC

LEADER 00000nam a2200000 a 4500
001 vtls008829807
003 SK-MaSNL
005 20260301021929.0
008 240318s2006 xo a c 000 0 hun
015 |a SNBA2006/08-04437 
020 |a 8010010057  |q (brož.) 
035 |a 1FFD0C80-00C1-4EC5-ABD7-9EF85B3E1EA9 
035 |a urn:nbn:sk:snk-amk740 
035 |a urn:nbn:sk:snk-am008bl1 
040 |a SNK  |b slo  |c SNK  |e AACR2 
041 1 |a hun  |h slo 
044 |a xo  |c SK 
072 7 |a 51  |x Matematika  |2 konspekt 
080 |a (075.2)  |2 2001 
080 |a (076.1)  |2 2001 
080 |a 51  |2 2001 
100 1 |a Krejza, Lumír  |4 aut  |9 303913 
240 1 0 |a Matematika pre 5. ročník špeciálnych základných škôl, Pracovný zošit - 2. časť  |l Maďarsky 
245 1 0 |a Matematika a speciális alapiskola 5. osztálya számára  |c [szerző Lumír Krejza ; fordította Judita Hollá ; illusztráció Ivan Kováčik]  |n 1. rézs  |p Munkafüzet 
250 |a 2. kiad. 
260 |a Bratislava  |b Slovenské pedagogické nakladateľstvo  |c 2006 
300 |a 64 s., [4] s. ilustr. príl.  |b fareb. ilustr.  |c 30 cm 
500 |a Fareb. ilustr. na tit. strane. Tir. aj slov. 
650 0 7 |a matematika  |2 SNKPH  |9 70174 
655 7 |a učebnice špeciálnych základných škôl  |2 SNKPH  |9 70204 
655 7 |a pracovné zošity  |2 SNKPH  |9 70188 
700 1 |a Hollá, Judita  |4 trl  |9 64682 
700 1 |a Kováčik, Ivan  |4 ill  |9 6562 
919 |a 80-10-01005-7 
968 |a MAG  |b SLO  |d 51 
999 |c 566417  |d 568347 
952 |a SNK  |b SNK  |y PREZ  |7 0  |p 17A0516276  |o snkSB 72720/1  |i snk2006/13668  |8 0  |0 0  |1 0  |4 0  |d 2006-07-10  |l 0  |r 2025-04-25 00:00:00  |w 2026-02-23 
952 |a SNK  |b SNK  |y VYP  |7 0  |p 17A0516328  |o snkSB 72720/1 D1  |i snk2006/13669  |8 0  |0 0  |1 0  |4 0  |d 2006-07-10  |f 1  |l 0  |r 2016-06-30 00:00:00  |w 2026-02-23